000 00904nam a2200277 a 4500
001 BRCA_7723
005 20190320205949.0
008 300813s1908----gw-a######---#000-0#ger-#
041 _ager
044 _agw
050 4 _aN2319
_b.K38 1908
245 1 0 _aKatalog der Gemälde des Bayerischen National-Museums
_cverfasst von Karl Voll, Heinz Braune und Hans Buchheit.
260 _aMúnich
_bBayerischen National-Museums
_c1908
300 _axx, 304 p.
_bil., 75 láminas
_c20 cm.
440 0 _aKataloge des Bayerischen National-Museums
_v8
_919106
500 _aU69
610 2 4 _aBayerischen National Museum (Múnich)
_919107
650 1 4 _aPintura
_zMúnich
_919108
650 1 4 _aGalerías y museos
_zAlemania
_95059
650 1 4 _aPintura
_vCatálogos
_913336
700 1 _aVoll, Karl
_913889
700 1 _aBraune, Heinz
_919109
700 1 _aBuchheit, Hans
_919110
902 _aGFM
942 _2lcc
_cB
999 _c7397
_d7397